Managing human resources. / (Record no. 3110)
[ view plain ]
| 000 -LEADER | |
|---|---|
| fixed length control field | 01133nam a22001937a 4500 |
| 008 - FIXED-LENGTH DATA ELEMENTS--GENERAL INFORMATION | |
| fixed length control field | 140709b xxu||||| |||| 00| 0 eng d |
| 020 ## - INTERNATIONAL STANDARD BOOK NUMBER | |
| International Standard Book Number | 0176224564 |
| 050 ## - LIBRARY OF CONGRESS CALL NUMBER | |
| Classification number | HF5549.B333 |
| 100 ## - MAIN ENTRY--PERSONAL NAME | |
| Personal name | Belcourt Monica |
| 245 ## - TITLE STATEMENT | |
| Title | Managing human resources. / |
| Statement of responsibility, etc. | Monica Belcourt, George Bohlander and Scott Snell |
| 250 ## - EDITION STATEMENT | |
| Edition statement | 4th ed. |
| 260 ## - PUBLICATION, DISTRIBUTION, ETC. | |
| Place of publication, distribution, etc. | Australia: |
| Name of publisher, distributor, etc. | Thomson, |
| Date of publication, distribution, etc. | 2005. |
| 300 ## - PHYSICAL DESCRIPTION | |
| Extent | xxxiii,714p.: |
| Other physical details | ill.; |
| Dimensions | 26cm. |
| 500 ## - GENERAL NOTE | |
| General note | Includes reference and index |
| 505 ## - FORMATTED CONTENTS NOTE | |
| Formatted contents note | Contents:The challenge of human resources management -- Equity and diversity in human resources management -- Job analysis,employee involvement,and flexible work schedules -- Human resources planning -- Recruitment and selection -- Training and development -- Career development -- Appraising and improving performance -- Managing compensation -- Pay-for-performance:incentive rewards -- Employee benefits -- Safety and health -- Employee rights and discipline -- The dynamics of labour relations -- International human resources management -- Creating high-performance work systems |
| 700 ## - ADDED ENTRY--PERSONAL NAME | |
| Personal name | Bohlander Goerge |
| 700 ## - ADDED ENTRY--PERSONAL NAME | |
| Personal name | Snell Scott |
| 942 ## - ADDED ENTRY ELEMENTS (KOHA) | |
| Source of classification or shelving scheme | Library of Congress Classification |
| Koha item type | Books |
| Withdrawn status | Lost status | Source of classification or shelving scheme | Damaged status | Not for loan | Home library | Current library | Shelving location | Date acquired | Total Checkouts | Full call number | Barcode | Date last seen | Copy number | Price effective from | Koha item type |
|---|---|---|---|---|---|---|---|---|---|---|---|---|---|---|---|
| Library of Congress Classification | WISCONSIN INTERNATIONAL UNIVERSITY COLLEGE, GHANA - MAIN LIBRARY | WISCONSIN INTERNATIONAL UNIVERSITY COLLEGE, GHANA - MAIN LIBRARY | Reference | 09/07/2014 | HF5549.B333 | 7542/570/13 | 09/07/2014 | 1 | 09/07/2014 | Books |
